000 nam a22 7a 4500
999 _c9948
_d9948
008 180209b ||||| |||| 00| 0 eng d
100 _aAli,M.
_96006
245 _aThe Winness Manual Marketing Effectively
260 _aLondon
_bD&K
_c2008